000 00650nam a2200229Ia 4500
003 OSt
005 20220925233716.0
006 a|||||r|||| 00| 0
007 ta
008 220923b |||||||| |||| 00| 0 eng d
020 _c100.00
037 _b196, 15/09/1987, Bhalla
_cGeneral Book
040 _aRTL
_cRTL
_beng
041 _2eng
_aeng
100 _aNarayan B
_9298625
245 0 _aLeadership and managerial effectiveness
260 _a New Delhi
_bAnmol Publications
_c1987
300 _axvi,148p
_ccm.
650 _aExecutive Management
942 _cGB
_2CC
999 _c594382
_d594382